Statistics for Top 100 NBA players 2019

Click here to take the quiz!

General Stats

  • This quiz has been taken 50 times
  • The average score is 71 of 100

Answer Stats

#PositionTeamName% Correct
1SGRocketsJames Harden
100%
9SFLakersLeBron James
100%
6PGWarriorsSteph Curry
100%
17SGWarriorsKlay Thomspon
97%
12PGTrailBlazzersDamian Lillard
97%
11PGThunderRussell Westbrook
97%
14PFPelicansAnthony Davis
97%
8SFRaptorsKawhi Leonard
97%
4SFWarriorsKevin Durant
97%
10PGCelticsKyrie Irving
94%
5C76ersJoel Embiid
94%
26PGRaptorsKyle Lowry
94%
29SFMavericksLuka Doncic
94%
15PG76ersBen Simmons
94%
16PGHornetsKemba Walker
94%
3SFThunderPaul George
94%
7CNuggetsNikola Jokic
94%
22PFPistonsBlake Griffin
92%
23CTimberwolvesKarl Anthony Towns
92%
2SFBucksGiannis Antetokounmpo
92%
21CJazzRudy Gobert
92%
20SF76ersJimmy Butler
92%
13SGPacersVictor Oladipo
92%
49CRaptorsMarc Gasol
89%
35CRocketsClint Capela
89%
33SGJazzDonovan Mitchell
89%
30SGSunsDevin Booker
89%
37SGBullsZach Lavine
89%
27SGBucksKhris Middleton
89%
18PFSpursLaMarcus Aldridge
89%
19SGWizardsBradley Beal
89%
69SGNuggetsGary Harris
86%
25PF76ersTobias Harris
86%
24PGNetsD'Angelo Russell
86%
40CThunderSteven Adams
86%
42PGNuggetsJamal Murray
83%
34SGTrailBlazzersC.J. Mccollum
83%
36PGKingsDe'Aaron Fox
83%
39CPistonsAndre Drummond
83%
43CHeatHassan Whiteside
83%
79SFCelticsGordon Hayward
81%
28SGSpursDeMar Derozan
81%
38PG/SGPelicansJrue Holiday
81%
32PGGrizzliesMike Conley
81%
45SFCelticsJayson Tatum
78%
94CWarriorsDemarcus Cousins
78%
41SGClippersLou Williams
75%
93PFPacersThaddeus Young
75%
31CMagicNikola Vucevic
75%
57PGRocketsChris Paul
75%
44PGHawksTrae Young
75%
46PGBucksEric Bledsoe
72%
75CPacersMyles Turner
72%
60PGBucksMalcom Brogdon
69%
50PGTimberwolvesDerrick Rose
69%
54CKnicksDeAndre Jordan
69%
71PFNuggetsPaul Millsap
67%
70PFBullsLauri Markkanen
67%
72SFLakersBrandon Ingram
67%
53CCelticsAl Horford
67%
76PFRaptorsSerge Ibaka
64%
56SFTimberwolvesAndrew Wiggins
64%
68PFMagicAaron Gordon
64%
73CTrailBlazzersJusuf Nurkic
64%
58PFLakersKyle Kuzma
64%
59SGKingsBuddy Hield
61%
63SFBullsOtto Porter
61%
89CBucksBrook Lopez
61%
88PGPistonsReggie Jackson
58%
86PGJazzRicky Rubio
58%
81PFGrizzliesJaren Jackson Jr.
58%
95SGCelticsMarcus Smart
58%
100PGLakersLonzo Ball
58%
85SFTimberwolvesRobert Covington
56%
48SFClippersDanilo Gallinari
56%
78CNetsJarrett Allen
56%
62SG76ersJ.J. Redick
56%
65PFPelicansJulius Randle
53%
91SFJazzJoe Ingles
53%
74SFHeatJosh Richardson
50%
66PGNetsSpencer Dinwiddie
50%
52PFClippersMontrez Harrell
47%
51PFPacersDomantis Sabonis
47%
77PGKnicksDennis Smith Jr.
47%
80SGMagicEvan Fournier
47%
96CLakersJaVale Mcgee
44%
61PFHawksJohn Collins
44%
90CTrailBlazzersEnes Kanter
44%
64SFPacersBojan Bogdanovic
44%
92CelticsPFMarcus Morris
42%
83SGHeatDwayne Wade
42%
82SFSpursRudy Gay
39%
55PFBucksNikola Mirotic
39%
99SGHornetsJermey Lamb
36%
84SGNetsCaris LeVert
36%
67PGCavsJordan Clarkson
33%
97SGTrailBlazzersRodney Hood
22%
87PFWizardsBoby Portis
19%
47PFRaptorsPascal Siakim
17%
98CClippersIvica Zubac
17%

Score Distribution

Percentile by Number Answered

Percent of People with Each Score

Your Score History

You have not taken this quiz